000 00301nam a2200109Ia 4500
001 588993
005 20250717120840.0
008 250717s9999 xx 000 0 und d
245 0 _aU-10 DEDEMDEN HİKAYELER
_cAYŞE PARLAKKILIÇ MUCAN
260 _bTÜRKİYE DİYANET VAKFI YAYINLARI
_c2020
300 _b52
999 _c588993
_d588993